Red kite adventure / (Record no. 158472)

MARC details
000 -LEADER
fixed length control field 00561nam a22001937a 4500
005 - DATE AND TIME OF LATEST TRANSACTION
control field 20181030133535.0
010 ## - LCCN (DPL NO)
LC control number B-710675
020 ## - INTERNATIONAL STANDARD BOOK NUMBER
International Standard Book Number 9780143334224
Terms of availability 250.00
035 ## - SYSTEM CONTROL NUMBER
System control number B-710675
037 ## - SOURCE OF ACQUISITION
Source of stock number/acquisition Gift
082 ## - DEWEY DECIMAL CLASSIFICATION NUMBER
Classification number S
100 ## - MAIN ENTRY--PERSONAL NAME
Personal name Broome, Leela Gour
245 ## - TITLE STATEMENT
Title Red kite adventure /
Statement of responsibility, etc Leela Gour Broome
260 ## - PUBLICATION, DISTRIBUTION, ETC. (IMPRINT)
Place of publication, distribution, etc Gurgaon
Name of publisher, distributor, etc Penguin Group
Date of publication, distribution, etc 2016
270 ## - ADDRESS
Address 7th Floor, Infinity Tower C, DLF Cyber City
City Gurgaon
Postal code 122002
300 ## - PHYSICAL DESCRIPTION
Extent 223p.
Dimensions 20cm (pbk)
942 ## - ADDED ENTRY ELEMENTS (KOHA)
Source of classification or shelving scheme Dewey Decimal Classification
Item type English Books
Classification part S
Call number suffix BRO
Holdings
Withdrawn status Lost status Not for loan Collection code Home library Current library Date acquired Source of acquisition Cost, normal purchase price Full call number Barcode Copy number Cost, replacement price Koha item type
      Non-fiction Ashok Vihar Ashok Vihar 30/10/2018 Gift/16-10-2018 250.00 S BRO B-710675 1 250.00 English Books

© Delhi Public Library
Hit Counter
free hit counter